| 000 | 00667nam a22002177a 4500 | ||
|---|---|---|---|
| 003 | OSt | ||
| 005 | 20180116183042.0 | ||
| 008 | 160223b xxu||||| |||| 00| 0 eng d | ||
| 020 | _a9781784154486 | ||
| 040 | _c0 | ||
| 050 | _a657 | ||
| 082 | _a657 ACCA 2015 | ||
| 100 | _aKaplan Publishing | ||
| 110 | _aKaplan Publishing. | ||
| 245 |
_aACCA Exam Kit Paper F3 Financial Accounting ( FA). _bExam Kit Valid From 1 September 2015 -31 August 2016 _cKaplan Publishing. |
||
| 260 |
_aUK _bKaplan Publishing. _c2015. |
||
| 300 |
_a268 + 23 p. _bPB |
||
| 440 | _aACCA Exam Kit Paper F3 Financial Accounting ( FA). | ||
| 500 | _aPaper Cover | ||
| 942 |
_2ddc _cBK _k657 |
||
| 999 |
_c351289 _d351289 |
||